Marketingový audit ubytovacieho zariadenia diplomová práca

Salvato in:
Dettagli Bibliografici
Autore principale: Ďuriančíková, Lenka
Ente Autore: Obchodná fakulta EU. Katedra služieb a cestovného ruchu - zrušené
Altri autori: Bažó, Ladislav, 1980-
Natura: Libro
Lingua:slovacco
Pubblicazione: Bratislava 2015
Tags: Aggiungi Tag
Nessun Tag, puoi essere il primo ad aggiungerne!!

MARC

LEADER 00000nbm a2200000 4500
001 0201461
005 20161212104036.4
041 0 |a slo 
044 |a SK 
245 1 0 |a Marketingový audit ubytovacieho zariadenia  |b diplomová práca  |c Lenka Ďuriančíková ; školiteľ: Ladislav Bažó 
264 1 |a Bratislava  |c 2015 
300 |a 74 s. 
100 1 |a Ďuriančíková, Lenka 
700 1 |a Bažó, Ladislav, 1980- 
710 2 |a Obchodná fakulta EU. Katedra služieb a cestovného ruchu - zrušené